The economics of banking (Registro nro. 3293)

Detalles MARC
000 -LEADER
fixed length control field 01247 a2200253 4500
001 - CONTROL NUMBER
control field 40705
005 - DATE AND TIME OF LATEST TRANSACTION
control field 20260407155702.0
008 - FIXED-LENGTH DATA ELEMENTS--GENERAL INFORMATION
fixed length control field 260407a2014 arg spa d
003 - CONTROL NUMBER IDENTIFIER
control field AR-UNSa-BCEJYS
040 ## - CATALOGING SOURCE
Original cataloging agency AR-UNSa-BCEJYS
Language of cataloging spa
Transcribing agency AR-UNSa-BCEJYS
080 ## - UNIVERSAL DECIMAL CLASSIFICATION NUMBER
Universal Decimal Classification number 336.71
Common auxiliary subdivision Bancos. Sistema bancario
020 ## - INTERNATIONAL STANDARD BOOK NUMBER
International Standard Book Number 978-1-118-63920-7
041 ## - LANGUAGE CODE
Language code of text/sound track or separate title spa
100 1# - MAIN ENTRY--PERSONAL NAME
Personal name Thompson, John
245 10 - TITLE STATEMENT
Title The economics of banking
250 ## - EDITION STATEMENT
Edition statement 3a. ed.
264 #1 - PRODUCTION, PUBLICATION, DISTRIBUTION, MANUFACTURE, AND COPYRIGHT NOTICE
Place of production, publication, distribution, manufacture Chichester :
Name of producer, publisher, distributor, manufacturer John Wiley & Sons
Date of production, publication, distribution, manufacture, or copyright notice 2014
300 ## - PHYSICAL DESCRIPTION
Extent xv, 336 p.
Dimensions 24 cm.
505 ## - FORMATTED CONTENTS NOTE
Formatted contents note 1. Trends in Domestic and International Banking - 2. Financial Intermediation: The Impact of the Capital Market - 3. Banks and Financial Intermediation - 4. Banking Typology - 5. International Banking - 6. The Theory of the Banking Firm - 7. Models of Banking Behaviour - 8. Credit Rationing - 9. Securitization - 10. Banking Efficiency and the Structure of Banking - 11. Banking Competition - 12. Bank Regulation - 13. Banks and Money Laundering - 14. Risk Management - 15. The Macroeconomics of Banking
590 ## - LOCAL NOTE (RLIN)
Local note niveau_biblio:m niveau_hierar:0
700 1# - ADDED ENTRY--PERSONAL NAME
Personal name Matthews, Kent
856 41 - ELECTRONIC LOCATION AND ACCESS
Uniform Resource Identifier <a href="https://biblioeco.unsa.edu.ar/pmb/images/libros/L126246.jpg">https://biblioeco.unsa.edu.ar/pmb/images/libros/L126246.jpg</a>
Link text Imagen de portada
Electronic format type image/jpeg
942 ## - ADDED ENTRY ELEMENTS (KOHA)
Koha item type
Existencias
Withdrawn status Lost status Damaged status Not for loan Home library Current library Shelving location Date acquired Total checkouts Full call number Barcode Date last seen Price effective from Koha item type
        Biblioteca Prof. Eusebio Cleto del Rey Biblioteca Prof. Eusebio Cleto del Rey   07/04/2026   336.71 M436 3ed. L126246 07/04/2026 07/04/2026 Libro